| 000 | 00570nam a22001697a 4500 | ||
|---|---|---|---|
| 005 | 20251108165306.0 | ||
| 008 | 250721s2004 xx 000 0 ara d | ||
| 082 | 1 | 4 | _aم/615.882/موس |
| 100 | 1 | _aعقار، سمير عبد الخالق | |
| 245 | 1 | 0 | _aموسوعة الأدوية الطبيعية : التداوي بالأعشاب و الخضار و الفواكه / |
| 264 | 1 |
_aالرياض : _bدار طويق، _c2004. |
|
| 300 | _a330ص. | ||
| 650 | 1 | 7 | _aالنباتات الطبيه |
| 650 | 1 | 7 | _aالطب الشعبي |
| 942 |
_2ddc _cREF |
||
| 999 |
_c24295 _d24295 |
||